ბათუმის შოთა რუსთაველის სახელმწიფო უნივერსიტეტის ბიბლიოთეკა

შევისწავლოთ ქართული ენა. სწავლების პირველი საფეხური. მასწავლებლის (ბიბ.ჩანაწერი № 51231)

000 -LEADER
fixed length control field 00798nam a2200205Ia 4500
001 - CONTROL NUMBER
control field 18191
003 - CONTROL NUMBER IDENTIFIER
control field GE_BSU
008 - FIXED-LENGTH DATA ELEMENTS--GENERAL INFORMATION
fixed length control field 181216s||||||||xx |||||||||||||| ||und||
020 ## - INTERNATIONAL STANDARD BOOK NUMBER
International Standard Book Number 9789941403590
040 ## - CATALOGING SOURCE
Transcribing agency GE_BSU
100 ## - MAIN ENTRY--PERSONAL NAME
Personal name ქიტოშვილი,თეა., ლობჟანიძე,ივლიტა
245 ## - TITLE STATEMENT
Title შევისწავლოთ ქართული ენა. სწავლების პირველი საფეხური. მასწავლებლის
260 ## - PUBLICATION, DISTRIBUTION, ETC.
Place of publication, distribution, etc. თბილისი
260 ## - PUBLICATION, DISTRIBUTION, ETC.
Name of publisher, distributor, etc. ბაკურ სულაკაურის გამ-ბა
260 ## - PUBLICATION, DISTRIBUTION, ETC.
Date of publication, distribution, etc. 2008
300 ## - PHYSICAL DESCRIPTION
Extent 72 გვ. ; 30სმ.
653 ## - INDEX TERM--UNCONTROLLED
Uncontrolled term შევისწავლოთ ქართული ენა
942 ## - ADDED ENTRY ELEMENTS (KOHA)
Koha item type წიგნი
ეგზემპლარები
Withdrawn status Lost status Damaged status Not for loan Date acquired Barcode Date last seen Price effective from Koha item type
        2018-12-17 46378 2018-12-17 2018-12-17 წიგნი